00708nam a2200181 i 4500001000300000245017100003250001300174260005700187300005800244650001700302700002600319020001500345040000800360041000700368080001200375008004100387856009800428bg04aThe New Encyclopaedia Britannica :bin 32 volumes.n[Prop.],pPropaedia - outline of knowledge and guide to the Britannica /c[Robert McHenry editor in chief et al.]. a15th ed. aChicago [et al.] :bEncyclopaedia Britannica,c1995. a[2], 745, [1] s., 14 k. tabl. kolor. :bil. ;c29 cm. 9aEncyklopedia1 aMcHENRY, RoberteRed. a0852296053 cBPK0 aen a0/9(03) s pl f |000 0 pol  uhttp://koha.tu.koszalin.pl/cgi-bin/koha/opac-detail.pl?biblionumber=33108yKatalog online BPK